000 00433nam a2200181Ia 4500
001 23692
005 20260414150954.0
008 260414t2017||||xx |||||||||||||| ||spa||
041 _aESP
082 _a690.21
_bCH248
100 _aChudley, Roy
_eAUT
245 0 _aManual de construcción de edificios
_b
260 _c2017
300 _aix, 801 páginas :
_c24 cm.
650 _a0
654 _aCIC
942 _cLIB
_dJUS
_fJUS
_2ddc
_n
999 _c23692
_d23692